00309nam a2200097Ia 4500008004100000041000800041100001300049245007200062260006900134300000800203240521s1999 xx 000 0 und d aeng aB. C. L. aSTUDY IN BRITAIN, A GUIDE TO SCHOLARSHIP AND FELLOWSHIP 5TH EDITION bBRITISH COUNCIL DIVISION BRITISH HIGH COMMISSION NEW DELHIc1999 a240